000 00613nam a22002057a 4500
005 20241101170456.0
008 241101b |||||||| |||| 00| 0 eng d
020 _a978-0323624367
082 _a617.6342
_bTOR-E
100 _aTorabinejad, Mahmoud
245 _aEndodontics :
_bprinciples and practice /
_cby Richard E.Walton, Ashraf F. Fouad
250 _a6th ed.
260 _aIndia:
_bElsevier;
_c2021.
300 _aviii, 493 p. :
_bill. ;
_c28 cm .
500 _ainclude index.
650 _aDentistry / Medical
650 _aEndodontics / Dentistry
700 _aFouad, Ashraf F.
999 _c36747
_d36747